English for the energy industry /

Shranjeno v:
Bibliografske podrobnosti
Glavni avtor: Campbell, Simon
Format: Neznan
Jezik:English
Izdano: Oxford University Press, 2009.
Teme:
Oznake: Označite
Brez oznak, prvi označite!
Thư viện lưu trữ: Mạng thư viện Đại học Đà Nẵng
LEADER 00958na a2200289 4500
001 000030535
003 4121
005 20250924105308.0
008 151001s2009 000 eng
020 |a 9780194579223 
041 |a eng 
082 |a 420.3  |b CA-S 
100 |a Campbell, Simon 
245 0 |a English for the energy industry /  |c Simon Campbell. 
260 |a Oxford University Press,  |c 2009. 
300 |a 80 p. : ill ; 24 cm. 
650 |a English energy Industry 
653 |a English energy  |a Industry 
OWN |a LNN 
AVA |a UDN50  |b LNN  |c English  |d 420.3 CA-S  |e available  |t Error 5001 Not defined in file expand_doc_bib_avail.  |f 4  |g 0  |h N  |i 0  |j AN 
999 |a From the UDN01 
AVA |a UDN50  |b LNN  |c English  |d 420.3 CA-S  |e available  |t Error 5001 Not defined in file expand_doc_bib_avail.  |f 4  |g 0  |h N  |i 0  |j AN 
TYP |a Printed language 
980 |a Mạng thư viện Đại học Đà Nẵng